[Event "The Houndstooth Chess Congress "]
[Site "SchemingMind.com"]
[Date "2007.04.15"]
[Round "-"]
[White "MichaelDV"]
[Black "C. H. O'D. Schlechter"]
[Result "0-1"]
[WhiteCountry "SWE"]
[BlackCountry "USA"]
[WhiteElo "2359"]
[WhiteRD "70"]
[BlackElo "2384"]
[BlackRD "65"]
[GameID "101235"]

1. d4 e6 2. e4 d5 3. Nc3 Nf6 4. e5 Nfd7 5. f4 c5 6. Nf3 Nc6 7. Be3 cxd4 8. Nxd4 Bc5 9. Qd2 O-O 10. O-O-O a6
11. Nb3 Bb4 12. Bd3 b5 13. g4 Qc7 14. a3 Be7 15. h4 b4 16. axb4 Nxb4 17. h5 a5 18. Bb5 a4 19. Bxa4 Nb6 20. Bxb6 Qxb6
21. Kb1 Bb7 22. Rh2 Bc6 23. Bxc6 Nxc6 24. h6 g6 25. Qf2 Qa6 26. Qf1 Qa7 27. Rhd2 Bb4 28. Qf2 d4 29. Rxd4 Bxc3 30. bxc3 Qa3
31. Rb4 Nxb4 32. cxb4 Qxb4 33. Qd4 Qa3 34. Qb2 Qa7 35. Rd4 Rfb8 36. g5 Qa6 37. Rd1 Qe2 38. Rd4 Qe1+
0-1

[Event "The Houndstooth Chess Congress "]
[Site "SchemingMind.com"]
[Date "2007.04.15"]
[Round "-"]
[White "C. H. O'D. Schlechter"]
[Black "MichaelDV"]
[Result "1/2-1/2"]
[WhiteCountry "USA"]
[BlackCountry "SWE"]
[WhiteElo "2384"]
[WhiteRD "65"]
[BlackElo "2359"]
[BlackRD "70"]
[GameID "101236"]

1. e4 e6 2. d4 d5 3. Nc3 Nf6 4. Bg5 Bb4 5. e5 h6 6. Be3 Ne4 7. Qg4 Kf8 8. a3 Bxc3+ 9. bxc3 c5 10. Bd3 Nxc3
11. dxc5 Nc6 12. Nf3 f5 13. Qh5 d4 14. Bd2 Ne4 15. Bxe4 fxe4 16. Nh4 Ne7 17. c6 bxc6 18. Bb4 Kg8 19. O-O Nd5 20. Ng6 a5
21. Bd2 Ba6 22. Rfe1 Qe8 23. Qg4 e3 24. fxe3 h5 25. Qe4 dxe3 26. Rxe3 Nxe3 27. Bxe3 Rh7 28. Bg5 Qd7 29. Ne7+ Kh8 30. Ng6+ Kg8
31. Ne7+ Kh8 32. c4 Rb8 33. Nxc6 Re8 34. Rf1 Bb7 35. Qf4 Rh6 36. Nxa5 Rg6 37. Nxb7 Qxb7 38. Qh4 Kg8 39. Qxh5 Qe4 40. h4=
1/2-1/2

[Event "The Houndstooth Chess Congress "]
[Site "SchemingMind.com"]
[Date "2007.04.17"]
[Round "-"]
[White "C. H. O'D. Schlechter"]
[Black "Glenn119"]
[Result "1-0"]
[WhiteCountry "USA"]
[BlackCountry "USA"]
[WhiteElo "2365"]
[WhiteRD "65"]
[BlackElo "1689"]
[BlackRD "60"]
[GameID "101280"]

1. e4 c5 2. c3 Nc6 3. d4 cxd4 4. cxd4 d5 5. exd5 Qxd5 6. Nf3 e5 7. Nc3 Bb4 8. Bd2 Bxc3 9. Bxc3 exd4 10. Nxd4 Nf6
11. Qe2+ Be6 12. Nxe6 fxe6 13. Rd1 Qxa2 14. Qb5 Rd8 15. Bd3
1-0

[Event "The Houndstooth Chess Congress "]
[Site "SchemingMind.com"]
[Date "2007.04.16"]
[Round "-"]
[White "Adunatos"]
[Black "C. H. O'D. Schlechter"]
[Result "1/2-1/2"]
[WhiteCountry "NED"]
[BlackCountry "USA"]
[WhiteElo "2317"]
[WhiteRD "63"]
[BlackElo "2349"]
[BlackRD "63"]
[GameID "101316"]

1. d4 d5 2. c4 e6 3. Nc3 Nf6 4. cxd5 exd5 5. Bg5 Be7 6. e3 c6 7. Qc2 Nbd7 8. Bd3 O-O 9. Nge2 Re8 10. O-O Nf8
11. f3 Be6 12. e4 dxe4 13. fxe4 Ng4 14. Bxe7 Rxe7 15. Qd2 Rd7 16. h3 Rxd4 17. Nd5 Rxd3 18. Qxd3 cxd5 19. hxg4 Qb6+ 20. Rf2 Rd8
21. Rd1=
1/2-1/2

[Event "The Houndstooth Chess Congress "]
[Site "SchemingMind.com"]
[Date "2007.04.16"]
[Round "-"]
[White "Adunatos"]
[Black "MichaelDV"]
[Result "1/2-1/2"]
[WhiteCountry "NED"]
[BlackCountry "SWE"]
[WhiteElo "2294"]
[WhiteRD "67"]
[BlackElo "2347"]
[BlackRD "64"]
[GameID "101317"]

1. d4 Nf6 2. c4 e6 3. Nf3 b6 4. g3 Bb7 5. Bg2 Bb4+ 6. Bd2 c5 7. O-O O-O 8. Bxb4 cxb4 9. Qd3 a5 10. Nbd2 d6
11. e4 e5 12. a3 Na6 13. Qc2 bxa3 14. bxa3 exd4 15. Nxd4 Nc5 16. Rab1 Re8 17. f3 Rc8 18. Bh3 Ne6 19. Qd3 Rc5 20. Rb2 Rh5
21. Nxe6 fxe6 22. Kg2 Rc5 23. Rd1 d5 24. Qb3 Bc6 25. Qxb6 Qxb6 26. Rxb6 dxc4 27. Rc1 Nd7 28. Ra6 Kf8 29. Rxc4 Rxc4 30. Nxc4 Bb5
31. Ra7 Bxc4 32. Rxd7 Rb8 33. Rc7 Rb2+ 34. Kg1 Rb1+ 35. Kf2 Bb3 36. Rb7 Rb2+ 37. Ke3 Rxh2 38. Rxb3 Rxh3 39. g4 h5= 40. gxh5 Rxh5
41. Rb7 g5 42. Rb5 a4 43. Ra5 Kf7 44. Rxa4 Rh3 45. Kf2 Kf6 46. Ra5 Rh1 47. Kg2 Ra1 48. a4 Rd1 49. Rc5 Ra1 50. a5 Ra3
51. Rb5 Ra1 52. Kf2 Ra2+ 53. Kg3 Ra3 54. Rc5 Ra1 55. Kg4 Rg1+ 56. Kh3 Rh1+ 57. Kg2 Ra1 58. Kg3=
1/2-1/2

[Event "The Houndstooth Chess Congress "]
[Site "SchemingMind.com"]
[Date "2007.04.17"]
[Round "-"]
[White "Adunatos"]
[Black "Glenn119"]
[Result "1-0"]
[WhiteCountry "NED"]
[BlackCountry "USA"]
[WhiteElo "2249"]
[WhiteRD "64"]
[BlackElo "1689"]
[BlackRD "60"]
[GameID "101318"]

1. d4 d5 2. c4 e6 3. Nc3 Nf6 4. cxd5 exd5 5. Bg5 Bb4 6. e3 h6 7. Bxf6 Qxf6 8. Qb3 c5 9. dxc5 Bxc3+ 10. Qxc3 Qxc3+
11. bxc3
1-0

[Event "The Houndstooth Chess Congress "]
[Site "SchemingMind.com"]
[Date "2007.04.16"]
[Round "-"]
[White "C. H. O'D. Schlechter"]
[Black "Adunatos"]
[Result "1/2-1/2"]
[WhiteCountry "USA"]
[BlackCountry "NED"]
[WhiteElo "2394"]
[WhiteRD "69"]
[BlackElo "2237"]
[BlackRD "58"]
[GameID "101319"]

1. e4 e6 2. d4 d5 3. Nc3 Nf6 4. Bg5 Be7 5. e5 Nfd7 6. Bxe7 Qxe7 7. Qh5 O-O 8. Nf3 c5 9. Bd3 g6 10. Qh6 cxd4
11. Nb5 Nc6 12. O-O-O Ndxe5 13. Nxe5 Nxe5 14. Nxd4 Bd7 15. Be2 Rfc8 16. f4 Nc4 17. Bxc4 Rxc4 18. h4 Qb4 19. a3 Qb6 20. h5 Rxd4
21. hxg6 Rxd1+ 22. Rxd1 fxg6 23. Rh1 Qd8=
1/2-1/2

[Event "The Houndstooth Chess Congress "]
[Site "SchemingMind.com"]
[Date "2007.04.16"]
[Round "-"]
[White "MichaelDV"]
[Black "Adunatos"]
[Result "1-0"]
[WhiteCountry "SWE"]
[BlackCountry "NED"]
[WhiteElo "2381"]
[WhiteRD "70"]
[BlackElo "2237"]
[BlackRD "58"]
[GameID "101320"]

1. d4 Nf6 2. c4 e6 3. g3 c5 4. Nf3 cxd4 5. Nxd4 Bb4+ 6. Bd2 Qb6 7. Bxb4 Qxb4+ 8. Nc3 Nc6 9. Nb5 O-O 10. e3 d5
11. a3 Qc5 12. cxd5 exd5 13. Bg2 Bg4 14. Qd3 Ne5 15. Qd4= Qe7 16. Qd2 Bf3 17. O-O Rfc8 18. Rac1
1-0

[Event "The Houndstooth Chess Congress "]
[Site "SchemingMind.com"]
[Date "2007.04.17"]
[Round "-"]
[White "Glenn119"]
[Black "Adunatos"]
[Result "0-1"]
[WhiteCountry "USA"]
[BlackCountry "NED"]
[WhiteElo "1689"]
[WhiteRD "60"]
[BlackElo "2249"]
[BlackRD "64"]
[GameID "101321"]

1. d4 Nf6 2. c4 e6 3. Nc3 Bb4 4. Qc2 d5 5. Nf3 dxc4 6. e4 b5 7. e5 Nd5 8. Be2 Bb7 9. O-O a6 10. a4 Qd7
11. Rd1 Be7
0-1

[Event "The Houndstooth Chess Congress "]
[Site "SchemingMind.com"]
[Date "2007.04.16"]
[Round "-"]
[White "matein7"]
[Black "C. H. O'D. Schlechter"]
[Result "1/2-1/2"]
[WhiteCountry "USA"]
[BlackCountry "USA"]
[WhiteElo "2440"]
[WhiteRD "81"]
[BlackElo "2371"]
[BlackRD "65"]
[GameID "101392"]

1. e4 c6 2. d4 d5 3. e5 c5 4. dxc5 e6 5. Be3 Nh6 6. Nf3 Nf5 7. Bg5 Qa5+ 8. c3 Qxc5 9. Bd3 h6 10. Bc1 Be7
11. h4 h5 12. Qe2 Qc7 13. Bg5 Nc6 14. Bxf5 exf5 15. Bxe7 Qxe7 16. Na3 O-O 17. O-O-O f4 18. Rxd5 Be6 19. Rd6 Bxa2 20. Rhd1 Rfe8
21. Nc4 Bxc4 22. Qxc4 Nxe5 23. Qxf4 b6 24. Ng5 f6 25. Nf3 Qf7 26. Qf5 Qa2 27. R6d4=
1/2-1/2

[Event "The Houndstooth Chess Congress "]
[Site "SchemingMind.com"]
[Date "2007.04.16"]
[Round "-"]
[White "matein7"]
[Black "MichaelDV"]
[Result "1-0"]
[WhiteCountry "USA"]
[BlackCountry "SWE"]
[WhiteElo "2467"]
[WhiteRD "83"]
[BlackElo "2351"]
[BlackRD "70"]
[GameID "101393"]

1. e4 e6 2. d4 d5 3. Nc3 Bb4 4. e5 c5 5. a3 Bxc3+ 6. bxc3 Qa5 7. Bd2 Qa4 8. Qb1 c4 9. g3 Nc6 10. Ne2 Bd7
11. Nf4 Nge7 12. Bh3 h5 13. Qd1 h4 14. Nh5 Rh7 15. O-O O-O-O 16. g4 Qa5 17. Qe2 Rf8 18. Nf4 Kb8 19. a4 Ng6 20. Nxg6 fxg6
21. Qe3 Rhh8 22. Bc1 Rf7 23. f4 Ka8 24. Ba3 Qxa4 25. Qc1 Qa5 26. Qb2 Qd8 27. Rfb1 Bc8 28. Bc5 a6 29. Qc1 Bd7 30. Rb6 Nb8
31. Qb2 Bc6 32. Bd6 Qc8 33. g5 Nd7 34. Bxe6 Rxf4 35. Bxd7 Bxd7 36. e6 Rg4+ 37. Kh1 Bc6 38. Rbxa6+ bxa6 39. Qb6 Bb7 40. Bc5 Kb8
41. Rxa6 Qc7 42. Ra8+
1-0

[Event "The Houndstooth Chess Congress "]
[Site "SchemingMind.com"]
[Date "2007.04.17"]
[Round "-"]
[White "matein7"]
[Black "Glenn119"]
[Result "1-0"]
[WhiteCountry "USA"]
[BlackCountry "USA"]
[WhiteElo "2441"]
[WhiteRD "81"]
[BlackElo "1689"]
[BlackRD "60"]
[GameID "101394"]

1. e4 c5 2. Nf3 e6 3. d4 cxd4 4. Nxd4 Nc6 5. Nc3 Nf6 6. Ndb5 Bb4 7. a3 Bxc3+ 8. Nxc3 d5 9. exd5 exd5 10. Bd3 O-O
11. O-O d4 12. Ne2 Bg4 13. Bg5 Bxe2 14. Qxe2 Re8 15. Qf3 Ne5 16. Qxb7 Nxd3 17. cxd3 Qd5 18. Qxd5 Nxd5 19. Rac1 h6 20. Bd2 Re2
21. Rfd1 Rb8 22. b4 Rbe8 23. Kf1 R2e7 24. Re1 Rxe1+ 25. Rxe1 Rd8 26. Re4 Nc3 27. Bxc3 dxc3 28. Ke2 g6 29. Rc4 Re8+ 30. Kf3 Rd8
31. Rxc3 Kg7 32. Ke3 Re8+ 33. Kd2 Re6 34. d4 Rd6 35. Kd3 Rf6 36. f3 Rd6 37. a4 Rd7 38. b5 Kf8 39. a5 Ke7 40. Rc6 Kd8
41. Kc4 h5 42. Kc5 Rb7 43. Rd6+ Kc7 44. b6+ axb6+ 45. axb6+ Kc8 46. Kc6 Re7 47. d5
1-0

[Event "The Houndstooth Chess Congress "]
[Site "SchemingMind.com"]
[Date "2007.04.17"]
[Round "-"]
[White "matein7"]
[Black "Adunatos"]
[Result "1-0"]
[WhiteCountry "USA"]
[BlackCountry "NED"]
[WhiteElo "2467"]
[WhiteRD "83"]
[BlackElo "2281"]
[BlackRD "58"]
[GameID "101395"]

1. e4 e6 2. d4 d5 3. Nc3 Nf6 4. e5 Nfd7 5. f4 c5 6. Nf3 Nc6 7. Be3 a6 8. Qd2 b5 9. a3 Bb7 10. Bd3 Be7
11. O-O Qb6 12. dxc5 Bxc5 13. Bxc5 Nxc5 14. Qf2 O-O 15. Kh1 h6 16. f5 Qa7 17. f6 Nxd3 18. Qg3 g6 19. cxd3 Rfc8 20. Nxd5
1-0

[Event "The Houndstooth Chess Congress "]
[Site "SchemingMind.com"]
[Date "2007.04.21"]
[Round "-"]
[White "C. H. O'D. Schlechter"]
[Black "matein7"]
[Result "1/2-1/2"]
[WhiteCountry "USA"]
[BlackCountry "USA"]
[WhiteElo "2371"]
[WhiteRD "65"]
[BlackElo "2440"]
[BlackRD "81"]
[GameID "101396"]

1. e4 c5 2. c3 Nf6 3. e5 Nd5 4. d4 cxd4 5. Nf3 Nc6 6. Bc4 Nb6 7. Bb3 d6 8. exd6 Qxd6 9. O-O Be6 10. Bxe6 Qxe6
11. Nxd4 Nxd4 12. cxd4 Qd7 13. Nc3 g6 14. Re1 Bg7 15. Bg5 e6 16. Qf3 O-O 17. Rad1 Rac8 18. h3 Qc6 19. d5 Nxd5 20. Nxd5 exd5
21. Qxd5 Qxd5 22. Rxd5 Rc2 23. Rd2 Rxd2=
1/2-1/2

[Event "The Houndstooth Chess Congress "]
[Site "SchemingMind.com"]
[Date "2007.04.16"]
[Round "-"]
[White "MichaelDV"]
[Black "matein7"]
[Result "1/2-1/2"]
[WhiteCountry "SWE"]
[BlackCountry "USA"]
[WhiteElo "2325"]
[WhiteRD "71"]
[BlackElo "2440"]
[BlackRD "81"]
[GameID "101397"]

1. Nf3 c5 2. c4 Nf6 3. Nc3 Nc6 4. g3 d5 5. d4 dxc4 6. d5 Nb4 7. e4 Bg4 8. Bxc4 Bxf3 9. Qxf3 Nc2+ 10. Kf1 Qc8
11. Rb1 Nd4 12. Qd3 Qh3+ 13. Kg1 e5 14. Nb5 O-O-O 15. Nxa7+ Kb8 16. Nb5 h5 17. Bg5 h4 18. Nxd4 cxd4 19. Qf3 Be7 20. Bf1 Qd7
21. Bxh4 Rxh4 22. gxh4 Rh8 23. Bh3 Qd6 24. Kg2 Rxh4 25. Rhc1 Nxe4 26. Qxf7 Qh6 27. Qxe7 Qg6+ 28. Kf1 Nd2+ 29. Ke2 Qe4+= 30. Kd1 Qf3+
31. Kc2 d3+ 32. Kxd2 Qxf2+ 33. Kc3 Qd4+ 34. Kd2 Qf2+ 35. Kc3=
1/2-1/2

[Event "The Houndstooth Chess Congress "]
[Site "SchemingMind.com"]
[Date "2007.04.17"]
[Round "-"]
[White "Glenn119"]
[Black "matein7"]
[Result "0-1"]
[WhiteCountry "USA"]
[BlackCountry "USA"]
[WhiteElo "1689"]
[WhiteRD "60"]
[BlackElo "2441"]
[BlackRD "81"]
[GameID "101398"]

1. d4 Nf6 2. c4 e6 3. Nf3 d5 4. Nc3 c6 5. Bg5 h6 6. Bxf6 Qxf6 7. e3 Bd6 8. Bd3 Qe7 9. O-O O-O 10. Qc2 Nd7
11. c5 Bb8 12. e4 dxe4 13. Nxe4 b6 14. Rfe1 Bb7 15. Rab1 Rd8 16. b4 Bc7 17. a4 Rab8 18. Ra1 bxc5 19. bxc5 Ba8 20. a5 Rb4
21. a6 Rdb8 22. Ned2 Rb2 23. Qd1 Nf6 24. Ra3 R2b4 25. Nc4 Nd5 26. Qc2 Nf4 27. Be4 Qd8 28. h3 f6 29. Qc3 R4b5 30. Bc2 Kf8
31. h4 Nd5 32. Qd3 Rb4 33. g3 Qd7 34. Qe2 Re8 35. Bg6 Re7 36. h5 Kg8 37. Qc2 Qd8 38. Re2 Rb8 39. Ra1 Nb4 40. Qc3 Nd5
0-1

[Event "The Houndstooth Chess Congress "]
[Site "SchemingMind.com"]
[Date "2007.04.17"]
[Round "-"]
[White "Adunatos"]
[Black "matein7"]
[Result "0-1"]
[WhiteCountry "NED"]
[BlackCountry "USA"]
[WhiteElo "2237"]
[WhiteRD "58"]
[BlackElo "2498"]
[BlackRD "84"]
[GameID "101399"]

1. d4 Nf6 2. c4 g6 3. Nc3 Bg7 4. e4 O-O 5. Be2 d6 6. Bg5 Na6 7. Nf3 h6 8. Bd2 c5 9. d5 e6 10. dxe6 Bxe6
11. Qc1 g5 12. h4 g4 13. Bxh6 gxf3 14. gxf3 Ne8 15. Qd2 Nb4 16. Bxg7 Nxg7 17. O-O-O Kh7 18. h5 Qe7 19. f4 f5 20. h6 Ne8
21. Qe3 Bf7 22. e5 Rd8 23. Rdg1 Rg8 24. Rxg8 Bxg8 25. Rg1 Bf7 26. Kb1 Nc6 27. Bd3 dxe5 28. Bxf5+ Kh8 29. Bc2 exf4 30. Qxf4 Nb4
31. b3 Nxc2 32. Kxc2 Qf6 33. Qxf6+ Nxf6
0-1

[Event "The Houndstooth Chess Congress "]
[Site "SchemingMind.com"]
[Date "2007.04.17"]
[Round "-"]
[White "badbishop"]
[Black "C. H. O'D. Schlechter"]
[Result "1/2-1/2"]
[WhiteCountry "POL"]
[BlackCountry "USA"]
[WhiteElo "2207"]
[WhiteRD "82"]
[BlackElo "2395"]
[BlackRD "70"]
[GameID "101404"]

1. d4 f5 2. g3 Nf6 3. Bg2 e6 4. c4 Be7 5. Nf3 O-O 6. O-O d6 7. Nc3 Ne4 8. Nxe4 fxe4 9. Nd2 d5 10. f3 Bf6
11. e3 exf3 12. Nxf3 Nc6 13. b3 Qd6 14. Bb2 Bd7 15. Qe2 Ne7 16. Rad1 Rad8 17. Nd2 Nf5 18. Rxf5 exf5 19. Bxd5+ Kh8 20. Bxb7 Rfe8
21. c5 Qe7 22. Re1 Be6 23. Bc6 Bd7 24. Bg2 Be6 25. Bc6=
1/2-1/2

[Event "The Houndstooth Chess Congress "]
[Site "SchemingMind.com"]
[Date "2007.04.17"]
[Round "-"]
[White "badbishop"]
[Black "matein7"]
[Result "0-1"]
[WhiteCountry "POL"]
[BlackCountry "USA"]
[WhiteElo "2228"]
[WhiteRD "75"]
[BlackElo "2489"]
[BlackRD "88"]
[GameID "101405"]

1. d4 Nf6 2. c4 c5 3. d5 b5 4. cxb5 a6 5. b6 e6 6. Nc3 Qxb6 7. e4 exd5 8. exd5 Be7 9. Nf3 O-O 10. Be2 d6
11. O-O Nbd7 12. Nd2 Ne5 13. Kh1 Qb7 14. f4 Neg4 15. Nc4 Nh6 16. Be3 Re8 17. Bg1 Nf5 18. Re1 Bd7 19. b3 Bf8 20. Bf3 Rxe1
21. Qxe1 Re8 22. Qd2 g6 23. Re1 Rxe1 24. Qxe1 Nd4 25. Bxd4 cxd4 26. Ne4 Nxe4 27. Bxe4 Bb5 28. Qe2 Qc7 29. Bd3 Qc5 30. Qf3 a5
31. f5 a4 32. fxg6 hxg6 33. h4 axb3 34. axb3 Qb4 35. h5 Qxb3 36. hxg6 fxg6 37. Qe4 Qd1+ 38. Kh2 Qh5+ 39. Kg1 Bg7 40. Kf2 Kh7
41. Qe6 Qh4+ 42. Kf3 Qh6 43. Qh3 Qxh3+ 44. gxh3 Kh6 45. Ke4 Bf8 46. Ne5 Be8 47. Nc6 Bd7 48. Bf1 Bg7 49. Kf3 Kh5 50. Kg3 Bf5
51. Be2+ Kh6 52. Nb4 Be5+ 53. Kg2 Kg5 54. Bd3 Kf4 55. Kf2 Bf6
0-1

[Event "The Houndstooth Chess Congress "]
[Site "SchemingMind.com"]
[Date "2007.04.17"]
[Round "-"]
[White "badbishop"]
[Black "MichaelDV"]
[Result "1/2-1/2"]
[WhiteCountry "POL"]
[BlackCountry "SWE"]
[WhiteElo "2199"]
[WhiteRD "87"]
[BlackElo "2381"]
[BlackRD "70"]
[GameID "101406"]

1. d4 Nf6 2. c4 e6 3. Nc3 Bb4 4. Nf3 c5 5. e3 Nc6 6. Bd3 Bxc3+ 7. bxc3 d6 8. O-O e5 9. Nd2 O-O 10. Re1 h6
11. Rb1 Qc7 12. d5 Ne7 13. Qc2 Rb8 14. f4 exf4 15. exf4 Re8 16. Ne4 Nxe4 17. Bxe4 g6 18. Bd2 Bd7 19. Re2 Bg4=
1/2-1/2

[Event "The Houndstooth Chess Congress "]
[Site "SchemingMind.com"]
[Date "2007.04.17"]
[Round "-"]
[White "badbishop"]
[Black "Glenn119"]
[Result "1-0"]
[WhiteCountry "POL"]
[BlackCountry "USA"]
[WhiteElo "2197"]
[WhiteRD "83"]
[BlackElo "1689"]
[BlackRD "60"]
[GameID "101407"]

1. d4 Nf6 2. c4 g6 3. Nc3 Bg7 4. e4 d6 5. Be2 O-O 6. Bg5 Nbd7 7. Qd2 c6 8. h4 e5 9. d5 cxd5 10. cxd5 Nc5
11. f3
1-0

[Event "The Houndstooth Chess Congress "]
[Site "SchemingMind.com"]
[Date "2007.04.17"]
[Round "-"]
[White "badbishop"]
[Black "Adunatos"]
[Result "0-1"]
[WhiteCountry "POL"]
[BlackCountry "NED"]
[WhiteElo "2211"]
[WhiteRD "75"]
[BlackElo "2252"]
[BlackRD "64"]
[GameID "101408"]

1. d4 Nf6 2. c4 e6 3. Nc3 Bb4 4. Nf3 b6 5. Bg5 Bb7 6. Nd2 h6 7. Bh4 c5 8. d5 Bxc3 9. bxc3 Qe7 10. Qc2 exd5
11. cxd5 Bxd5 12. O-O-O O-O 13. e4 Bc6 14. f4 Qe6 15. Bd3 b5 16. f5 Qe7 17. e5 Qxe5 18. Rhe1 Qxh2 19. Bxf6 gxf6 20. Ne4 Bxe4
21. Bxe4 Qf4+ 22. Kb1 Nc6 23. Rf1 Qg5 24. Rh1 Rae8 25. Rxd7 Ne5 26. Rxa7 Rd8 27. Qf2 Nc4 28. Ka1 Rfe8 29. Bc6 Rd2
0-1

[Event "The Houndstooth Chess Congress "]
[Site "SchemingMind.com"]
[Date "2007.04.22"]
[Round "-"]
[White "C. H. O'D. Schlechter"]
[Black "badbishop"]
[Result "1-0"]
[WhiteCountry "USA"]
[BlackCountry "POL"]
[WhiteElo "2395"]
[WhiteRD "70"]
[BlackElo "2207"]
[BlackRD "82"]
[GameID "101409"]

1. e4 c5 2. c3 g6 3. d4 cxd4 4. cxd4 d5 5. exd5 Nf6 6. Bb5+ Nbd7 7. Nc3 Bg7 8. d6 exd6 9. Qe2+ Qe7 10. Bf4 Qxe2+
11. Bxe2 Ke7 12. Bf3 Nb6 13. Nge2 Bg4 14. Bxb7 Rab8 15. Bc6 Rhc8 16. d5 Bxe2 17. Kxe2 Nc4 18. Rab1 Nxb2 19. Rhe1 Ng4 20. Nb5 Rxc6
21. dxc6 Rxb5 22. Kf1+ Be5 23. Re2 Rc5 24. Rbxb2 Rxc6 25. Bxe5 dxe5 26. h3
1-0

[Event "The Houndstooth Chess Congress "]
[Site "SchemingMind.com"]
[Date "2007.04.17"]
[Round "-"]
[White "matein7"]
[Black "badbishop"]
[Result "1-0"]
[WhiteCountry "USA"]
[BlackCountry "POL"]
[WhiteElo "2467"]
[WhiteRD "83"]
[BlackElo "2203"]
[BlackRD "94"]
[GameID "101410"]

1. e4 e6 2. d4 d5 3. Nc3 Bb4 4. e5 c5 5. a3 Bxc3+ 6. bxc3 Ne7 7. Qg4 Kf8 8. Bd2 Qc7 9. Bd3 b6 10. Nf3 cxd4
11. cxd4 Ba6 12. Rc1 Bxd3 13. cxd3 Nbc6 14. O-O h6 15. Rc2 Qd7 16. Qh5 Kg8 17. Rfc1 Rc8 18. g3 Ng6 19. Bb4 Kh7 20. Bd6 Rhe8
21. Kg2 Kg8 22. Nh4 Nxh4+ 23. Qxh4 Qb7 24. Qf4 a5 25. a4 b5 26. axb5 Qxb5 27. g4 Qa6 28. h4 a4 29. Rc3 Qb7 30. h5 Qa6
31. R1c2 Qa8 32. g5 hxg5 33. Qc1 Na7 34. Qxg5
1-0

[Event "The Houndstooth Chess Congress "]
[Site "SchemingMind.com"]
[Date "2007.04.17"]
[Round "-"]
[White "MichaelDV"]
[Black "badbishop"]
[Result "1-0"]
[WhiteCountry "SWE"]
[BlackCountry "POL"]
[WhiteElo "2381"]
[WhiteRD "70"]
[BlackElo "2199"]
[BlackRD "87"]
[GameID "101411"]

1. Nf3 Nf6 2. c4 g6 3. Nc3 Bg7 4. e4 d6 5. d4 O-O 6. Be2 Nbd7 7. O-O e5 8. Be3 c6 9. d5 c5 10. Ne1 Ne8
11. g4 f5 12. exf5 gxf5 13. gxf5 Nb6 14. Nf3 Bxf5 15. Ng5 Qe7 16. Kh1 Nf6 17. Rg1 e4 18. Qd2 Kh8 19. Rg3 Rg8 20. Rag1 Raf8
21. b4 Nfd7 22. bxc5 Nxc5 23. Nb5 Nd3 24. Bxb6 axb6 25. Qe3 Qe5 26. Bh5 Bg4 27. Bxg4 Nxf2+ 28. Kg2 Bh6 29. h4 Nd3 30. Qxe4
1-0

[Event "The Houndstooth Chess Congress "]
[Site "SchemingMind.com"]
[Date "2007.04.17"]
[Round "-"]
[White "Glenn119"]
[Black "badbishop"]
[Result "0-1"]
[WhiteCountry "USA"]
[BlackCountry "POL"]
[WhiteElo "1689"]
[WhiteRD "60"]
[BlackElo "2197"]
[BlackRD "83"]
[GameID "101412"]

1. Nf3 Nf6 2. g3 g6 3. c4 Bg7 4. Nc3 O-O 5. d4 d6 6. Bg2 c6 7. O-O Qa5 8. e4 Bg4 9. h3 Bxf3 10. Qxf3 Nfd7
11. Rd1 c5
0-1

[Event "The Houndstooth Chess Congress "]
[Site "SchemingMind.com"]
[Date "2007.04.17"]
[Round "-"]
[White "Adunatos"]
[Black "badbishop"]
[Result "1-0"]
[WhiteCountry "NED"]
[BlackCountry "POL"]
[WhiteElo "2294"]
[WhiteRD "67"]
[BlackElo "2246"]
[BlackRD "70"]
[GameID "101413"]

1. d4 Nf6 2. c4 g6 3. Nc3 Bg7 4. e4 d6 5. Be2 O-O 6. Bg5 h6 7. Be3 c5 8. d5 e6 9. dxe6 Bxe6 10. Nf3 Nc6
11. h3 Qb6 12. O-O Rad8 13. Qd2 Kh7 14. Rfd1 Qa6 15. b3 Rfe8 16. a3 b6 17. Qc2 Qb7 18. Rab1 Bc8 19. b4 Qe7 20. Bd3 Bb7
21. Nd5 Nxd5 22. cxd5 Ne5 23. Nxe5 Bxe5 24. bxc5 bxc5 25. f4 Bg7 26. e5 dxe5 27. Bxc5 Qc7 28. Be4 Rc8 29. f5 Qxc5+ 30. Qxc5 Rxc5
31. Rxb7 gxf5 32. Bxf5+ Kg8 33. d6 Rd8 34. Rxa7 Rc4 35. d7 Bf8 36. Ra6 Bc5+ 37. Kh1 Kf8 38. Rc6 Ke7 39. a4 Rf4 40. g4 Ba7
41. Re1 Bd4 42. Rxh6 Rf2 43. Rb1 Ra2 44. Rb4 Re2 45. Rc4
1-0

[Event "The Houndstooth Chess Congress "]
[Site "SchemingMind.com"]
[Date "2007.04.27"]
[Round "-"]
[White "dumix"]
[Black "C. H. O'D. Schlechter"]
[Result "0-1"]
[WhiteCountry "INT"]
[BlackCountry "USA"]
[WhiteElo "2020"]
[WhiteRD "79"]
[BlackElo "2369"]
[BlackRD "67"]
[GameID "102083"]

1. d4 f5 2. c4 Nf6 3. Nc3 e6 4. Nf3 d6 5. Qc2 Be7 6. e4 fxe4 7. Nxe4 Nxe4 8. Qxe4 d5 9. Qe3 O-O 10. Bd2 Nc6
11. O-O-O Bf6 12. h4 Qd6 13. Bc3 Nb4 14. Kb1 a5
0-1

[Event "The Houndstooth Chess Congress "]
[Site "SchemingMind.com"]
[Date "2007.04.22"]
[Round "-"]
[White "dumix"]
[Black "matein7"]
[Result "0-1"]
[WhiteCountry "INT"]
[BlackCountry "USA"]
[WhiteElo "2020"]
[WhiteRD "79"]
[BlackElo "2467"]
[BlackRD "83"]
[GameID "102084"]

1. d4 Nf6 2. c4 e6 3. Nc3 Bb4 4. Qc2 O-O 5. a3 Bxc3+ 6. Qxc3 b6 7. Bg5 Bb7 8. f3 h6 9. Bh4 d6 10. e3 Nbd7
11. Bd3 e5 12. Ne2 g5 13. dxe5 dxe5 14. Bg3 e4 15. fxe4 Nc5 16. O-O-O Nxd3+ 17. Rxd3 Qe7 18. e5 Ne4 19. Qc2 Rad8 20. Rhd1 Rxd3
21. Qxd3 Nc5 22. Qc3 Bxg2 23. Nd4 Bb7 24. Qc2 Be4 25. Qc3 Bg6 26. e6 Ne4
0-1

[Event "The Houndstooth Chess Congress "]
[Site "SchemingMind.com"]
[Date "2007.04.22"]
[Round "-"]
[White "dumix"]
[Black "MichaelDV"]
[Result "0-1"]
[WhiteCountry "INT"]
[BlackCountry "SWE"]
[WhiteElo "2020"]
[WhiteRD "79"]
[BlackElo "2351"]
[BlackRD "70"]
[GameID "102085"]

1. d4 Nf6 2. c4 e6 3. Nc3 Bb4 4. Qc2 d5 5. cxd5 exd5 6. Bg5 c5 7. dxc5 h6 8. Bh4 g5 9. Bg3 Ne4 10. e3 Qa5
11. Ne2 Bf5 12. Be5 O-O 13. Nd4 Re8 14. Nxf5 Rxe5 15. Nxh6+ Kg7 16. Ng4 Re6 17. Bd3 Nxc3 18. O-O Ne4 19. a3 Qxc5 20. Qe2 f5
21. axb4 Qxb4
0-1

[Event "The Houndstooth Chess Congress "]
[Site "SchemingMind.com"]
[Date "2007.04.22"]
[Round "-"]
[White "dumix"]
[Black "Adunatos"]
[Result "0-1"]
[WhiteCountry "INT"]
[BlackCountry "NED"]
[WhiteElo "2020"]
[WhiteRD "79"]
[BlackElo "2281"]
[BlackRD "58"]
[GameID "102087"]

1. d4 Nf6 2. c4 e6 3. Nc3 Bb4 4. Qc2 d5 5. a3 Bxc3+ 6. Qxc3 Ne4 7. Qc2 e5 8. e3 exd4 9. cxd5 Qxd5 10. Nf3 Nd6
11. Nxd4 Bd7 12. b4 O-O
0-1